000 00637cam a2200205 4500500
005 20260405003925.0
041 _afre
042 _adc
100 1 0 _aMarin, Claire
_eauthor
700 1 0 _aVicerial, Jeanne
_eauthor
700 1 0 _aEnjalbert, Cédric
_eauthor
245 0 0 _aClaire Marin-Jeanne Vicérial : de fils
en aiguille
260 _c2025.
500 _a9
690 _aArt
690 _aClaire Marin
690 _aCouture
786 0 _nPhilosophie magazine | 190 | 6 | 2025-06-01 | p. 23-24 | 1951-1787
856 4 1 _uhttps://shs.cairn.info/magazine-philosophie-magazine-2025-6-page-23?lang=fr&redirect-ssocas=7080
999 _c2072130
_d2072130